[Event "20th TCh-CRO 1a"]
[Site "Sibenik CRO"]
[Date "2011.10.07"]
[Round "4.4"]
[White "Armanda,I"]
[Black "Doric,N"]
[Result "1-0"]
[WhiteElo "2396"]
[BlackElo "2332"]

1.e4 d6 2.d4 Nf6 3.Nc3 e5 4.Nf3 Nbd7 5.Bc4 Be7 6.O-O O-O 7.a4 c6 8.Ba2 a5
9.Re1 exd4 10.Nxd4 Nc5 11.h3 Qb6 12.Rb1 Qb4 13.Be3 Re8 14.Qf3 Bf8 15.Red1 Ncxe4
16.Nxe4 Rxe4 17.c3 Qc5 18.g4 Qe5 19.Bb3 d5 20.Bc2 Rxg4+ 21.hxg4 Bxg4 22.Qg2 Bxd1
23.Rxd1 Re8 24.Nf5 Kh8 25.Bd4 Qe6 26.Qg5 c5 27.Bxc5 h6 28.Qg2 Nh5 29.Bxf8 Rxf8
30.Nd4 Qe5 31.Qg4 g6 32.Nf3 Qe2 33.Rd2 Qe7 34.Rxd5 Nf6 35.Qd4 Kh7 36.Re5 Qc7
37.Qc5 Qb8 38.Qe7 Ng4 39.Re6 Kg8 40.Re4 h5 41.Bb3 Qa7 42.Rxg4 hxg4 43.Ne5  1-0

[Event "Belgrade Premier League 2011"]
[Site "Belgrade SRB"]
[Date "2011.10.08"]
[Round "7.1"]
[White "Ciric,DM"]
[Black "Kiproski,B"]
[Result "1/2-1/2"]
[WhiteElo "2276"]
[BlackElo "2003"]

1.e4 d6 2.d4 Nf6 3.Nc3 e5 4.Nf3 Nbd7 5.Bc4 Be7 6.O-O O-O 7.Re1 c6 8.a4 a5
9.b3 exd4 10.Nxd4 Nc5 11.Bg5 h6 12.Bh4 Be6 13.Nxe6 fxe6 14.e5 Nd5 15.Bxe7 Qxe7
16.exd6 Qxd6 17.Ne4  1/2-1/2

[Event "10th Forchheim Open"]
[Site "Forchheim GER"]
[Date "2011.10.08"]
[Round "1.3"]
[White "Marholev,D"]
[Black "Winkler,Thorsten"]
[Result "1-0"]
[WhiteElo "2355"]
[BlackElo "2048"]

1.e4 d6 2.d4 Nf6 3.Nc3 e5 4.Nf3 Nbd7 5.Bc4 h6 6.O-O c6 7.a4 Qc7 8.b3 Be7
9.Re1 Nf8 10.Nh4 g6 11.h3 N6h7 12.Nf3 g5 13.Ne2 g4 14.hxg4 Bxg4 15.Nh2 Be6
16.Ng3 O-O-O 17.d5 cxd5 18.exd5 Bd7 19.Qf3 Ng5 20.Bxg5 Bxg5 21.Qxf7 Nh7 22.Ne4 Rdf8
23.Qh5 Bf4 24.g3 Rhg8 25.Kh1 Bf5 26.gxf4  1-0

[Event "TCh-AUT 2 West 2011-12"]
[Site "Hohenems AUT"]
[Date "2011.10.08"]
[Round "2"]
[White "Kessler,L"]
[Black "Micheli,C"]
[Result "0-1"]
[WhiteElo "2206"]
[BlackElo "2265"]

1.d4 d6 2.e4 Nf6 3.Nc3 c6 4.f4 Qa5 5.Bd3 e5 6.Nf3 Bg4 7.Be3 Nbd7 8.O-O Be7
9.h3 exf4 10.Bxf4 Bh5 11.Qd2 Qb6 12.Na4 Qd8 13.c4 O-O 14.Nc3 Bg6 15.Rae1 Nb6
16.g4 d5 17.cxd5 cxd5 18.e5 Ne4 19.Nxe4 dxe4 20.Bxe4 Bxe4 21.Rxe4 Qd5 22.Re2 Qxa2
23.Bg5 f6 24.Bh4 Qd5 25.exf6 Bxf6 26.Bxf6 Rxf6 27.Re5 Qf7 28.Qe2 Rf8 29.Kg2 a6
30.Re7 Qd5 31.Qe4 Qxe4 32.Rxe4 Nd5 33.Kg3 Rb6 34.Rf2 Rb3 35.h4 b5 36.Re5 Ne3
37.d5 Nd1 38.Rf1 Nxb2 39.d6 Nc4  0-1

[Event "TCh-POL Ekstraliga"]
[Site "Katowice POL"]
[Date "2011.10.08"]
[Round "8.5"]
[White "Shkapenko,P"]
[Black "Piorun,K"]
[Result "1/2-1/2"]
[WhiteElo "2419"]
[BlackElo "2526"]

1.e4 d6 2.d4 Nf6 3.Nc3 Nbd7 4.g4 h6 5.h3 e5 6.Nge2 b5 7.Ng3 b4 8.Nce2 Bb7
9.Bg2 h5 10.gxh5 Nxh5 11.Nxh5 Rxh5 12.O-O Be7 13.Ng3 Rh7 14.Be3 g6 15.Qd2 exd4
16.Qxd4 c5 17.Qd1 Qb6 18.a3 a5 19.axb4 axb4 20.Rxa8+ Bxa8 21.c3 Bc6 22.cxb4 Qxb4
23.Qc2 Bf6 24.b3 Qc3 25.Qxc3 Bxc3 26.Rc1 Bb4 27.Ne2 Nf6 28.Ng3 Kd7 29.Rd1 Ke6
30.Bf4  1/2-1/2

[Event "TCh-SWE 2011-12"]
[Site "Malmo SWE"]
[Date "2011.10.08"]
[Round "2"]
[White "Vernersson,P"]
[Black "Aaberg,A"]
[Result "1/2-1/2"]
[WhiteElo "2370"]
[BlackElo "2375"]

1.d4 d6 2.e4 Nf6 3.Nc3 e5 4.dxe5 dxe5 5.Qxd8+ Kxd8 6.Bc4 Be6 7.Bxe6 fxe6
8.Bg5 Nd7 9.a3 h6 10.Be3 Ng4 11.Bd2 Bc5 12.Nd1 Ngf6 13.f3 Ke7 14.Ne2 g5 15.Bb4 Bd6
16.Ne3 a5 17.Bxd6+ cxd6 18.Nc3 Rac8 19.O-O-O Nb6 20.Rd3 Nc4 21.Nxc4 Rxc4
22.Rhd1 Rc6  1/2-1/2

[Event "TCh-ISL Div1 2011-12"]
[Site "Reykjavik ISL"]
[Date "2011.10.08"]
[Round "2.2"]
[White "Bjornsson,Si"]
[Black "Klinova,M"]
[Result "1-0"]
[WhiteElo "2349"]
[BlackElo "2323"]

1.e4 d6 2.d4 Nf6 3.Nc3 e5 4.Nf3 Nbd7 5.Bc4 Be7 6.O-O O-O 7.Re1 c6 8.a4 b6
9.h3 a6 10.Ba2 Bb7 11.dxe5 dxe5 12.Nh4 g6 13.Bh6 Re8 14.Qf3 Bf8 15.Bg5 Bg7
16.Rad1 Qe7 17.Rxd7 Qxd7 18.Bxf6 Bxf6 19.Qxf6 Qe7 20.Qxe7 Rxe7 21.Rd1 Kf8
22.Nf3 h6 23.Rd6 Ke8 24.Nd2 b5 25.Nb3 Rd8 26.Rxd8+ Kxd8 27.Nc5 Kc7 28.b4 Kd6
29.Kf1 Bc8 30.a5 f5 31.Nb1 f4 32.c4 g5 33.cxb5 axb5 34.Nd2 h5 35.Nf3 g4 36.hxg4 hxg4
37.Ng5 Kc7 38.Nf7 f3 39.gxf3 gxf3 40.Ke1 Bh3 41.Kd2 Bf1 42.Ke3 Bc4 43.Bxc4 bxc4
44.a6 Re8 45.Kd2 Kb6 46.Kc3 Rg8 47.Nxe5 Rg2 48.Nxf3 Rxf2 49.Nd2 Kb5 50.Nxc4 Rf3+
51.Kd4 Kxb4 52.a7 Rf8 53.Na6+  1-0

[Event "TCh-ISL Div1 2011-12"]
[Site "Reykjavik ISL"]
[Date "2011.10.08"]
[Round "3.4"]
[White "Olafsson,D"]
[Black "Asbjornsson,I"]
[Result "1/2-1/2"]
[WhiteElo "2325"]
[BlackElo "2034"]

1.e4 d6 2.d4 Nf6 3.Nc3 e5 4.dxe5 dxe5 5.Qxd8+ Kxd8 6.Nf3 Bd6 7.Bg5 c6 8.Bc4 Ke7
9.O-O h6 10.Bh4 Be6 11.Nd2 Nd7 12.a3 a5 13.Bxe6 Kxe6 14.Nc4 Bc7 15.a4 Nb6
16.Ne3 g6 17.Rfe1 Rhe8 18.Re2 Rad8 19.b3 Rd7 20.f3 Nh5 21.Ree1 Bd8 22.Bf2 Nf4
23.Rad1 Rxd1 24.Rxd1 h5 25.Kf1 Bc7 26.g3 Nh3 27.Be1 Ng5 28.Ke2 Ke7 29.Nb1 Ra8
30.Bc3 Ne6 31.Na3 f6 32.Bb2 Rd8 33.Rxd8  1/2-1/2

[Event "TCh-AUT 2 West 2011-12"]
[Site "Salzburg AUT"]
[Date "2011.10.08"]
[Round "2"]
[White "Neuschmied,S"]
[Black "Dovzik,J"]
[Result "0-1"]
[WhiteElo "2327"]
[BlackElo "2341"]

1.e4 d6 2.d4 Nf6 3.Nc3 Nbd7 4.f4 e5 5.Nf3 exd4 6.Qxd4 c6 7.Bc4 d5 8.exd5 Bc5
9.Qd3 O-O 10.dxc6 Re8+ 11.Ne2 bxc6 12.Bd2 Nd5 13.O-O-O N7b6 14.Ne5 Qf6 15.Nd4 Nxf4
16.Qf1 Rxe5 17.Bxf4 Nxc4 18.Bxe5 Nxe5 19.Qxf6 gxf6 20.Rhf1 Bg4 21.Rd2 Kg7
22.c3 Bh5 23.Nf5+ Kg8 24.b4 Bb6 25.Rd6 Be2 26.Rh1 Bd3 27.g4 a5 28.Rd1 Be2
29.bxa5 Bxd1 30.axb6 Bxg4 31.Rxf6 Rb8  0-1

[Event "20th TCh-CRO 1a"]
[Site "Sibenik CRO"]
[Date "2011.10.08"]
[Round "5.1"]
[White "Rogulj,B"]
[Black "Rukavina,J"]
[Result "1-0"]
[WhiteElo "2394"]
[BlackElo "2431"]

1.e4 d6 2.d4 Nf6 3.Nc3 e5 4.Nf3 Nbd7 5.Bc4 Be7 6.O-O O-O 7.Re1 a6 8.a4 b6
9.b3 c6 10.Bb2 Rb8 11.Bd3 Qc7 12.Ne2 Re8 13.Ng3 Bf8 14.h3 g6 15.c4 a5 16.Bc2 Bb7
17.c5 bxc5 18.dxe5 Nxe5 19.Nxe5 dxe5 20.Qf3 Nd7 21.Bd3 Bc8 22.Bc3 Ra8 23.Nf1 Nb6
24.Nd2 Be6 25.Qe2 f6 26.Nc4 Nxc4 27.Bxc4 Bxc4 28.Qxc4+ Qf7 29.Red1 Ra7 30.Rd3 Rb8
31.Bd2 Be7 32.Kf1 Qxc4 33.bxc4 Kf7 34.Bc3 Ke6 35.Ke2 Rd8 36.Rb1 Rxd3 37.Kxd3 Bd6
38.g3 Bc7 39.Ke3 Bd6 40.Rb6 Kd7 41.h4 h5 42.f3 Bc7 43.Rb1 Ke6 44.g4 Ra8 45.Rb7 Kd7
46.Kf2 Kc8 47.Rb1 Rb8 48.Rxb8+ Kxb8 49.f4 exf4 50.gxh5 gxh5 51.Bxf6 Kc8 52.Kf3 Kd7
53.e5 Ke6 54.Kxf4 Bb8 55.Kg5 Bxe5 56.Bxe5 Kxe5 57.Kxh5  1-0

[Event "TCh-MNE 1st League"]
[Site "Tivat MNE"]
[Date "2011.10.08"]
[Round "3.1"]
[White "Kovacevic,A"]
[Black "Damljanovic,B"]
[Result "1-0"]
[WhiteElo "2568"]
[BlackElo "2607"]

1.e4 d6 2.d4 Nf6 3.Nc3 e5 4.Nf3 Nbd7 5.Bc4 Be7 6.O-O Nb6 7.Be2 exd4 8.Nxd4 O-O
9.a4 a5 10.f4 Re8 11.Bf3 Bf8 12.Re1 c6 13.b3 g6 14.Ba3 Bg7 15.h3 Nfd5 16.Nce2 Nb4
17.Qd2 d5 18.e5 f6 19.c3 Na6 20.exf6 Qxf6 21.Rad1 Bf8 22.Bxf8 Rxf8 23.c4 Nb4
24.f5 dxc4 25.fxg6 Qxg6 26.Nf4 Qh6 27.Re4 Bd7 28.bxc4 Nxc4 29.Qc1 Nd6 30.Re7 Rf7
31.Rxf7 Nxf7 32.Nde2 Ne5 33.Be4 Be8 34.Qc5 Nd7 35.Qf2 Nf6 36.Ng3 Qg5 37.Bb1 Bf7
38.Nf5 Nfd5 39.Rd4 Qf6 40.Nxd5 Bxd5 41.Ne7+ Qxe7 42.Rg4+ Qg7 43.Qf5 Qxg4
44.Qxg4+ Kf8 45.Bxh7 Ke7 46.h4 b5 47.h5 Kd6 48.h6 bxa4 49.Bf5 Ke5 50.h7 a3
51.Bc8  1-0

[Event "49th ch-IND NatA"]
[Site "Aurangabad IND"]
[Date "2011.10.09"]
[Round "1"]
[White "Satyapragyan,S"]
[Black "Koshy,V"]
[Result "1/2-1/2"]
[WhiteElo "2415"]
[BlackElo "2279"]

1.e4 d6 2.d4 Nf6 3.Nc3 e5 4.Nf3 Nbd7 5.Bc4 Be7 6.O-O O-O 7.Re1 a6 8.a4 b6
9.Ne2 Bb7 10.Ng3 Nxe4 11.Nxe4 d5 12.Bb3 dxe4 13.Nxe5 Nxe5 14.dxe5 Qxd1 15.Rxd1 Rfd8
16.Bf4 Rxd1+ 17.Rxd1 Rd8 18.Rxd8+ Bxd8 19.e6 fxe6 20.Bxe6+ Kf8 21.Kf1 c5
22.Bd6+ Be7 23.Bc7 b5 24.axb5 axb5 25.Ke2 b4 26.g3 g6 27.Be5 Bg5 28.Bd6+ Be7
29.Be5 Bg5 30.Bd6+ Be7  1/2-1/2

[Event "TCh-BEL 2011-12"]
[Site "Belgium BEL"]
[Date "2011.10.09"]
[Round "1.5"]
[White "Wantiez,F"]
[Black "Klyuner,V"]
[Result "1/2-1/2"]
[WhiteElo "2355"]
[BlackElo "2428"]

1.e4 d6 2.d4 Nf6 3.Nc3 e5 4.Nf3 Nbd7 5.Bc4 Be7 6.O-O O-O 7.a4 a5 8.Qe2 c6
9.Ba2 Ne8 10.Be3 Bf6 11.d5 c5 12.Nd2 Bg5 13.Bxg5 Qxg5 14.Nc4 Qd8 15.f4 exf4
16.e5 Nxe5 17.Nxe5 dxe5 18.Qxe5 Qd6 19.Qxf4 Qxf4 20.Rxf4 Nd6 21.Ne4 Nxe4
22.Rxe4 Bf5 23.Re2 Rfe8 24.Rae1 Kf8 25.Kf2 Rxe2+ 26.Rxe2 Re8 27.Rd2 Re4 28.c4 Re5
29.Bb3 Ke7 30.Bc2 Bd7 31.h4  1/2-1/2

[Event "TCh-POL Ekstraliga"]
[Site "Katowice POL"]
[Date "2011.10.09"]
[Round "9"]
[White "Przybylski,W"]
[Black "Drozdowski,K"]
[Result "0-1"]
[WhiteElo "2363"]
[BlackElo "2299"]

1.e4 d6 2.d4 Nf6 3.Nc3 c6 4.a4 Qa5 5.Bd3 e5 6.Ne2 Be7 7.Bd2 Qc7 8.O-O O-O
9.a5 Nbd7 10.f4 Re8 11.Kh1 Bf8 12.Be3 g6 13.Ng3 Bg7 14.fxe5 dxe5 15.d5 Rf8
16.dxc6 Qxc6 17.Bb5 Qc7 18.Qe2 a6 19.Bc4 b5 20.axb6 Nxb6 21.Bxa6 Be6 22.Bd3 Nc4
23.Nb5 Qc6 24.Na7 Qc7 25.Nb5 Qc6 26.Na7 Qc7 27.b4 Nxe3 28.Qxe3 Rfb8 29.Nb5 Qc6
30.Rxa8 Rxa8 31.h3 Nd7 32.Ne2 Bf8 33.Rb1 Nb6 34.Nbc3 Ra3 35.Qd2 Kg7 36.Kh2 Be7
37.Bb5 Qb7 38.Qc1 Ra8 39.Bd3 f5 40.Qe3 f4 41.Qd2 Rf8 42.Ng1 h5 43.Qe2 g5
44.Nd5 g4 45.c4 Bh4 46.Kh1 Bg3 47.Qb2 f3 48.Bf1 fxg2+ 49.Bxg2 gxh3 50.Nxh3 Nxd5
51.Qb3 h4 52.exd5 Bxh3 53.Bxh3 Rf2 54.Bg2 Qf7 55.Qe3 Qg6 56.Rf1 Rxg2 57.Qa7+ Kh6
58.Kxg2 Bf4+ 59.Kh1 Qe4+  0-1

[Event "II Oliver Gonzalez Memorial"]
[Site "Madrid ESP"]
[Date "2011.10.09"]
[Round "2.65"]
[White "Veiga Rodriguez,Pablo"]
[Black "Balsinde Montemayor,Pablo"]
[Result "1/2-1/2"]
[WhiteElo "1578"]
[BlackElo "1788"]

1.e4 d6 2.d4 Nf6 3.Nc3 e5 4.dxe5 dxe5 5.Qxd8+ Kxd8 6.Bg5 c6 7.O-O-O+ Ke8
8.Bc4 Be6 9.Bxe6 fxe6 10.Nf3 Nbd7 11.Bh4 Bb4 12.Rhe1 Nh5 13.g4 Nf4 14.Bg3 Rf8
15.Rxd7 Kxd7 16.Rd1+ Ke7 17.Nxe5 Bxc3 18.Bh4+ Rf6 19.bxc3 Rd8 20.Rxd8 Kxd8
21.Kd2 Nh3 22.Bxf6+ gxf6 23.Nd3 Kd7 24.Ke3 Kd6 25.f4 e5 26.f5 b5 27.Nf2 Nf4
28.Kf3 Kc5 29.Nd3+ Nxd3 30.cxd3 Kd6 31.h4 c5 32.g5 fxg5 33.hxg5 b4 34.c4 a5
35.Ke2 a4 36.Kd2 Ke7 37.Kc2 a3 38.Kb3 Kf7 39.Ka4 Kg7 40.Kb3 h6 41.gxh6+ Kxh6
42.Ka4 Kg5 43.Kb3 Kf6 44.Kc2 Ke7 45.Kb1 Kf7  1/2-1/2

[Event "20th TCh-CRO 1b"]
[Site "Sibenik CRO"]
[Date "2011.10.09"]
[Round "6.2"]
[White "Popovic,Du"]
[Black "Bogut,Z"]
[Result "1-0"]
[WhiteElo "2579"]
[BlackElo "2438"]

1.e4 d6 2.d4 Nf6 3.Nc3 Nbd7 4.Nf3 e5 5.g4 Nxg4 6.Rg1 Ngf6 7.Bc4 c6 8.dxe5 Nxe5
9.Nxe5 dxe5 10.Bxf7+ Ke7 11.Qxd8+ Kxd8 12.f4 Ke7 13.Bb3 exf4 14.Bxf4 h6 15.O-O-O g5
16.Bd6+ Ke8 17.e5 Bxd6 18.Rge1 Bc7 19.exf6+ Kf8 20.Re7 Bf4+ 21.Kb1 Bf5 22.Rf7+ Ke8
23.Re7+ Kf8 24.Rde1 Rh7 25.f7 Rh8 26.Re8+ Kg7 27.Rxa8 Rxa8 28.Re8  1-0

[Event "TCh-MNE 1st League"]
[Site "Tivat MNE"]
[Date "2011.10.09"]
[Round "2.2"]
[White "Ivanovic,B"]
[Black "Pikula,D"]
[Result "1/2-1/2"]
[WhiteElo "2418"]
[BlackElo "2518"]

1.e4 d6 2.d4 Nf6 3.Nc3 e5 4.Nf3 Nbd7 5.Bc4 Be7 6.O-O O-O 7.a4 a5 8.Re1 c6
9.h3 h6 10.Bb3 Re8 11.Be3 Qc7 12.Qd3 exd4 13.Bxd4 Ne5 14.Qe2 Bf8 15.Rad1 Be6
16.Bxe6 Nxf3+ 17.Qxf3 Rxe6 18.Qg3 Rae8 19.f3 Qe7 20.Rf1 Nh5 21.Qg4 g6 22.f4 Nf6
23.Bxf6 Qxf6 24.e5 Qf5 25.Qe2 g5 26.Qe4 Qxe4 27.Nxe4 Kg7 28.Nxd6 Bxd6 29.exd6 gxf4
30.Rxf4 Rd8 31.Rfd4 Rd7 32.Kf2 f5 33.Kf3 Kf6 34.c3 Re5 35.R1d2 Re6 36.R2d3 Re1
37.Kf2 Re6 38.Kf3 Re1 39.g4 fxg4+ 40.Kxg4 Re5 41.Kh4 h5 42.Rg3 c5 43.Rf4+ Ke6
44.Rg6+ Kd5 45.Rg5 Kxd6 46.b4 Rxg5 47.Kxg5 Rg7+ 48.Kxh5 axb4 49.cxb4 Rc7
50.bxc5+  1/2-1/2

[Event "Continental Class Ch."]
[Site "Arlington USA"]
[Date "2011.10.10"]
[Round "8"]
[White "Harmon,L"]
[Black "Gulamali,K"]
[Result "0-1"]
[WhiteElo "2204"]
[BlackElo "2350"]

1.e4 d6 2.d4 Nf6 3.Nc3 Nbd7 4.Nf3 e5 5.Bc4 Be7 6.O-O O-O 7.Qe2 c6 8.a4 a5
9.Rd1 Qc7 10.Bg5 Re8 11.Bh4 exd4 12.Nxd4 Nc5 13.Re1 Qb6 14.Qd2 Bd7 15.b3 Rad8
16.Rad1 Bg4 17.Rb1 Qb4 18.h3 Bc8 19.Bg3 h6 20.Rbd1 Be6 21.Nxe6 fxe6 22.f3 d5
23.exd5 exd5 24.Bf1 Nh5 25.Bf2 Bh4 26.Bxh4 Qxh4 27.Qf2 Qxf2+ 28.Kxf2 Kf7
29.Rxe8 Kxe8 30.Ne2 Kf7 31.Nd4 Nf4 32.g3 Nfe6 33.Bg2 Kf6 34.Nxe6 Kxe6 35.f4 Kd6
36.g4 Re8 37.h4 g6 38.Bf3 Rf8 39.c4 Nxb3 40.cxd5 c5 41.Kg3 Re8 42.g5 hxg5
43.fxg5 c4 44.Kf4 Nc5 45.h5 c3 46.hxg6 c2 47.Rh1 Nd3+ 48.Kf5 Rf8+ 49.Ke4 Nf2+
50.Ke3 Nxh1 51.Kd2 Ng3 52.Kxc2 Rg8  0-1

[Event "TCh-MNE 1st League"]
[Site "Tivat MNE"]
[Date "2011.10.10"]
[Round "3.4"]
[White "Vuckovic,Bo"]
[Black "Lajthajm,B"]
[Result "1/2-1/2"]
[WhiteElo "2623"]
[BlackElo "2496"]

1.e4 d6 2.d4 Nf6 3.Nc3 e5 4.Nf3 Nbd7 5.Bc4 Be7 6.O-O O-O 7.Re1 c6 8.a4 a5
9.b3 Re8 10.h3 h6 11.Bb2 Qc7 12.Bf1 Nf8 13.Qd3 Ng6 14.g3 Be6 15.Bg2 Rad8
16.Rad1 Qc8 17.Qf1 Nh7 18.Kh2 Ng5 19.Nxg5 hxg5 20.Ne2 Bf6 21.c4 g4 22.hxg4 Bxg4
23.f3 Bd7 24.d5 cxd5 25.Rxd5 Bc6 26.Rd3 Nf8 27.Ba3 Qc7 28.Red1 Be7 29.Bh3 Nd7
30.Bxd7 Rxd7 31.Nc3 d5 32.Bxe7 d4 33.Ba3 dxc3 34.Rxc3 Red8 35.Rcd3 Qb6 36.Be7 Rxd3
37.Rxd3 Rxd3 38.Qxd3 Qf2+ 39.Kh3 f5 40.Ba3 fxe4 41.Qd8+ Kh7 42.Qh4+ Kg8 43.Qd8+ Kh7
44.Qh4+ Kg8  1/2-1/2

[Event "TCh-ROU Superliga 2011"]
[Site "Brasov ROU"]
[Date "2011.10.11"]
[Round "4.2"]
[White "Domanyek,E"]
[Black "Horvat,Dan"]
[Result "1/2-1/2"]
[WhiteElo "2202"]
[BlackElo "2196"]

1.e4 d6 2.d4 Nf6 3.Nc3 e5 4.f4 Nbd7 5.Nf3 exd4 6.Qxd4 c6 7.a4 d5 8.exd5 Bc5
9.Qd3 O-O 10.Be2 Re8 11.h3 cxd5 12.Bd2 h6 13.O-O-O Ne4 14.Qxd5 Ndf6 15.Qxd8 Rxd8
16.Be1 Be3+ 17.Kb1  1/2-1/2

[Event "Mitropa Cup"]
[Site "Merlimont FRA"]
[Date "2011.10.11"]
[Round "4"]
[White "Petr,Ma"]
[Black "Kurmann,O"]
[Result "1-0"]
[WhiteElo "2526"]
[BlackElo "2439"]

1.e4 d6 2.d4 Nf6 3.Nc3 e5 4.dxe5 dxe5 5.Qxd8+ Kxd8 6.Bc4 Ke8 7.Nf3 Bd6 8.Be3 a6
9.O-O-O Nc6 10.a4 Ng4 11.Bb6 Nf6 12.h3 Be6 13.Bd5 Nd8 14.Be3 Nxd5 15.Nxd5 b5
16.Bc5 Rc8 17.Bxd6 cxd6 18.axb5 axb5 19.Nc3 b4 20.Nb5 Nb7 21.Rxd6 Ke7 22.Rb6 b3
23.c3 Ra8 24.Kd2 Rhd8+ 25.Ke3 f6 26.Nd2 Rd6 27.Rxb7+ Kf8 28.Nxb3 Bc4 29.Nc1 Rad8  1-0

[Event "TCh-MNE 1st League"]
[Site "Tivat MNE"]
[Date "2011.10.11"]
[Round "4.1"]
[White "Krivokapic,M"]
[Black "Tadic,Br"]
[Result "1/2-1/2"]
[WhiteElo "2413"]
[BlackElo "2486"]

1.e4 d6 2.d4 Nf6 3.Nc3 e5 4.Nf3 Nbd7 5.Bc4 Be7 6.O-O O-O 7.Re1 c6 8.a4 exd4
9.Qxd4 Ne5 10.Nxe5 dxe5 11.Qxd8 Rxd8 12.f3 Bb4  1/2-1/2

[Event "Belgrade Premier League 2011"]
[Site "Belgrade SRB"]
[Date "2011.10.12"]
[Round "11.4"]
[White "Carnic,D"]
[Black "Milutinovic,De"]
[Result "0-1"]
[WhiteElo "2104"]
[BlackElo "2079"]

1.e4 d6 2.d4 Nf6 3.Nc3 Nbd7 4.Nf3 e5 5.Bc4 h6 6.O-O c6 7.a4 a5 8.Re1 Be7
9.h3 O-O 10.Bb3 Nh7 11.Ne2 Ng5 12.Nxg5 Bxg5 13.Ng3 g6 14.dxe5 dxe5 15.Qd6 Kg7
16.f4 Bh4 17.Re3 Be7 18.Qd2 Bc5 19.f5 Qh4 20.Qe1 Qe7 21.Kh2 Bxe3 22.Qxe3 Rh8
23.Bd2 Qh4 24.Rf1 Nf6 25.Kg1 g5 26.Bc1 Re8 27.Nh1 Qxe4 28.Qc5 Nd5  0-1

[Event "Belgrade Premier League 2011"]
[Site "Belgrade SRB"]
[Date "2011.10.12"]
[Round "11.3"]
[White "Stamatovic,A"]
[Black "Markovic,Alek"]
[Result "1/2-1/2"]
[WhiteElo "2201"]
[BlackElo "1986"]

1.e4 d6 2.d4 Nf6 3.Nc3 e5 4.dxe5 dxe5 5.Qxd8+ Kxd8 6.Bg5 Bd6 7.O-O-O Nd7
8.Bc4 Ke8 9.Nge2 h6 10.Bh4 a6 11.f3 Kf8 12.g4 g6 13.Bg3 Kg7 14.h4 Nc5 15.Bf2 Ne6
16.a3 Re8 17.Be3 Bc5 18.Bxc5 Nxc5 19.g5 hxg5 20.hxg5 Nh5 21.Rh2 Be6 22.Nd5 c6
23.Nb6 Rad8 24.Rdh1 Bxc4 25.Nxc4 Ne6 26.Rg1 Nd4 27.Nxd4 Rxd4 28.Ne3 Nf4 29.Rgh1 Ne6
30.Rh7+ Kf8 31.Ng4 Nxg5 32.Rh8+ Ke7 33.Rxe8+ Kxe8 34.Rh8+ Ke7 35.Nxe5 Rd8
36.Rh1 Ne6 37.Nd3 b6 38.Rf1  1/2-1/2

[Event "II Oliver Gonzalez Memorial"]
[Site "Madrid ESP"]
[Date "2011.10.12"]
[Round "5.22"]
[White "Luukkonen,T"]
[Black "Martin Consuegra Barrilero,J"]
[Result "1-0"]
[WhiteElo "2256"]
[BlackElo "1880"]

1.e4 d6 2.d4 Nf6 3.Nc3 e5 4.Nf3 Nbd7 5.Bc4 Be7 6.O-O O-O 7.Re1 c6 8.a4 a5
9.Ba2 exd4 10.Nxd4 Nc5 11.Qf3 Be6 12.Nf5 Bxf5 13.Qxf5 Qc8 14.Qf3 Qg4 15.Qe3 Rfe8
16.f3 Qg6 17.Qf2 Bf8 18.Ne2 Ne6 19.Be3 d5 20.e5 Nd7 21.f4 Bc5 22.Bxc5 Nexc5
23.Ng3 f5 24.Rad1 Ne6 25.c4 d4 26.c5 Nxc5 27.Rxd4 Kf8 28.Rd6 Qg4 29.Qc2 g6
30.Bxe6 Nxe6 31.Qb3 Nd8 32.Rd7 Qxf4 33.Rxh7 Qd4+ 34.Kh1 Qb4 35.Rh8+ Ke7 36.Rxe8+ Kxe8
37.Qg8+ Ke7 38.Rd1 Qxa4 39.b3 Qg4 40.Qg7+ Nf7 41.Qf6+ Ke8 42.Qe6+ Kf8 43.Rd7  1-0

[Event "20th TCh-CRO 1b"]
[Site "Sibenik CRO"]
[Date "2011.10.12"]
[Round "9.1"]
[White "Susak,Z"]
[Black "Medak,B"]
[Result "1/2-1/2"]
[WhiteElo "2191"]
[BlackElo "2382"]

1.e4 d6 2.d4 Nf6 3.Nc3 e5 4.Nf3 Nbd7 5.h3 c6 6.Be2 b5 7.a3 Be7 8.O-O O-O
9.Be3 Re8 10.dxe5 dxe5 11.Nd2 Bb7 12.Re1 Qc7 13.Nf1 Bc5 14.Bg4 Bxe3 15.Nxe3 Nc5
16.Qf3 a5 17.b4 Na6 18.Rab1 Nxg4 19.hxg4 Rad8 20.Ne2 axb4 21.axb4 Rd2 22.Rec1 c5
23.c4 Nxb4 24.cxb5 Nd3 25.Rd1 Rxd1+ 26.Rxd1 c4 27.Nc3 Qc5 28.Nxc4 Nxf2 29.Qxf2 Qxc4
30.Qe3 h6 31.b6 Rb8 32.Rd7 Bc6 33.Rd1 Qb4 34.Rb1 Qd4 35.Kf2 Kf8 36.Qxd4 exd4
37.Nd5 Bxd5 38.exd5 Ke7 39.Kf3 Kd6 40.Ke4 d3 41.Rb2 d2 42.Rxd2 Rxb6 43.Rd4 Rb1
44.Rd2 Re1+ 45.Kd4 Re5 46.Kc4 Re4+ 47.Rd4 Re2 48.g3 Re3 49.Rf4 Rxg3 50.Kd4 Rg1
51.Ke3 Kxd5 52.Kf2 Rc1 53.Rxf7 g5 54.Rf6 Rh1 55.Kg2 Rh4 56.Kg3 Ke5 57.Ra6 Rh1
58.Kg2 Rb1 59.Rxh6 Kf4 60.Ra6 Rb2+ 61.Kg1 Rb3 62.Ra4+ Kg3 63.Kf1 Rf3+ 64.Kg1 Rc3
65.Ra1 Rf3 66.Rb1 Rd3 67.Ra1 Kxg4 68.Rb1 Kh3 69.Ra1 g4 70.Rb1 Rd2 71.Rb3+ g3
72.Rb1  1/2-1/2

[Event "20th TCh-CRO 1a"]
[Site "Sibenik CRO"]
[Date "2011.10.12"]
[Round "9.2"]
[White "Zaja,I"]
[Black "Biti,O"]
[Result "1/2-1/2"]
[WhiteElo "2483"]
[BlackElo "2398"]

1.d4 d6 2.e4 Nf6 3.Nc3 e5 4.Nf3 Nbd7 5.Bc4 Be7 6.O-O O-O 7.Re1 c6 8.a4 exd4
9.Qxd4 Ne5 10.Nxe5 dxe5 11.Qxd8 Rxd8 12.f3  1/2-1/2

[Event "20th TCh-CRO 1b"]
[Site "Sibenik CRO"]
[Date "2011.10.12"]
[Round "9.5"]
[White "Bilic,Ma"]
[Black "Bogut,Z"]
[Result "0-1"]
[WhiteElo "2301"]
[BlackElo "2438"]

1.e4 d6 2.d4 Nf6 3.Nc3 c6 4.f4 Qa5 5.Bd3 e5 6.Nf3 Nbd7 7.O-O Be7 8.Kh1 O-O
9.a3 Qc7 10.b4 a5 11.Rb1 axb4 12.axb4 b5 13.fxe5 dxe5 14.Ne2 Bd6 15.c3 Re8
16.Qc2 h6 17.Be3 Bb7 18.Bf2 Ng4 19.Bg1 Qd8 20.h3 Ngf6 21.Bh2 Qe7 22.Nh4 g6
23.Nf3 Bb8 24.Rbe1 Kg7 25.Rf2 Nh7 26.Ref1 f6 27.Qb2 Ng5 28.dxe5 Nxe5 29.Nxe5 Bxe5
30.Bxe5 fxe5 31.c4 Rf8 32.Nc3 Rxf2 33.Rxf2 Rd8 34.Be2 Rd4 35.cxb5 cxb5 36.Bxb5 Bxe4
37.Rd2 Qxb4 38.Qxb4 Rxb4 39.Re2 Nxh3 40.Nxe4 Nf4 41.Nc3 Rxb5 42.Rd2 Rb3 43.Ne4 Rd3
44.Rc2 Nd5 45.Kg1 Rd4 46.Nc5 Kf6 47.Rf2+ Ke7 48.Re2 Nf4 49.Ra2 Rc4 50.Ra7+ Kd6
51.Nb3 Rc2 52.g3 Ne2+  0-1

[Event "49th ch-IND NatA"]
[Site "Aurangabad IND"]
[Date "2011.10.13"]
[Round "5"]
[White "Gopal,G"]
[Black "Koshy,V"]
[Result "1-0"]
[WhiteElo "2572"]
[BlackElo "2279"]

1.e4 d6 2.d4 Nf6 3.Nc3 e5 4.Nf3 Nbd7 5.Bc4 Be7 6.O-O O-O 7.a4 a6 8.Ba2 h6
9.h3 b6 10.Qe2 Bb7 11.Rd1 Qe8 12.dxe5 dxe5 13.Nh4 Kh7 14.Nf5 Bd8 15.Rd3 h5
16.Qd2 Rg8 17.Nh6 Rf8 18.Rg3 Ng8 19.Nxg8 Rxg8 20.Qe2 Nf6 21.Bg5 g6 22.Rd1 Nd7
23.Rgd3 Bxg5 24.Rxd7 Rf8 25.Rxc7 Bc8 26.Qc4 Kg7 27.Rd3 Kg8 28.Qc6  1-0

[Event "Lichtenrader Autumn"]
[Site "Berlin GER"]
[Date "2011.10.13"]
[Round "6.14"]
[White "Boehnisch,M"]
[Black "Yin,Z"]
[Result "1-0"]
[WhiteElo "2289"]
[BlackElo "2006"]

1.e4 c6 2.Nc3 d6 3.d4 Nf6 4.f4 g6 5.Nf3 Bg7 6.Be3 Ng4 7.Bg1 Qb6 8.Rb1 O-O
9.h3 Nf6 10.Bd3 Nh5 11.Ne2 Qa5+ 12.c3 Bh6 13.Bh2 f5 14.exf5 gxf5 15.g4 Qd5
16.Qb3 Qxb3 17.axb3 fxg4 18.hxg4 Bxg4 19.Rg1 Nf6 20.Bf5  1-0

[Event "II Oliver Gonzalez Memorial"]
[Site "Madrid ESP"]
[Date "2011.10.13"]
[Round "6.24"]
[White "Rodrigo Yanguas,M"]
[Black "Cuadrado Lopez,F"]
[Result "1-0"]
[WhiteElo "2135"]
[BlackElo "1967"]

1.e4 d6 2.d4 Nf6 3.Nc3 e5 4.dxe5 dxe5 5.Qxd8+ Kxd8 6.Bg5 Be6 7.O-O-O+ Kc8
8.Nge2 h6 9.Bh4 g5 10.Bg3 Nbd7 11.h4 g4 12.f4 gxf3 13.gxf3 h5 14.Nd5 Ne8
15.f4 f6 16.Kb1 c6 17.Ne3 Nd6 18.Nc3 Rg8 19.Bh2 Kc7 20.Be2 Bf7 21.Rd2 b5
22.Rhd1 Rd8 23.Bf3 Be7 24.Ne2 Rh8 25.Nf5 Nxf5 26.exf5 Bc5 27.Nc3 Bb4 28.fxe5 fxe5
29.a3 Bc5 30.Rxd7+ Rxd7 31.Bxe5+ Kc8 32.Bxh8 Rxd1+ 33.Bxd1 Be7 34.f6 Bd6
35.Ne4 Bf4 36.Ng5 Bxg5 37.hxg5 Kd7 38.c3 Ke8 39.Bc2 Kf8 40.g6 Bd5 41.f7 h4
42.Be5 h3 43.Kc1  1-0

[Event "TCh-ROU Superliga w 2011"]
[Site "Brasov ROU"]
[Date "2011.10.14"]
[Round "7.3"]
[White "Ionescu,I"]
[Black "Vasilescu,M"]
[Result "1-0"]
[WhiteElo "2245"]
[BlackElo "1814"]

1.e4 d6 2.d4 Nf6 3.Nc3 e5 4.Nf3 Nbd7 5.Bc4 Be7 6.O-O O-O 7.Re1 c6 8.a4 b6
9.a5 Re8 10.h3 Qc7 11.Ba2 Rb8 12.Qe2 exd4 13.Nxd4 d5 14.Qf3 Bb4 15.Bf4 Ne5
16.Qg3 Bxc3 17.bxc3 dxe4 18.Ne6 Bxe6 19.Bxe5 Qd8 20.Bxe6 fxe6 21.Rad1 Nh5
22.Rxd8  1-0

[Event "15th Unive Open"]
[Site "Hoogeveen NED"]
[Date "2011.10.14"]
[Round "1"]
[White "Go,B"]
[Black "Haslinger,S"]
[Result "0-1"]
[WhiteElo "2153"]
[BlackElo "2542"]

1.e4 d6 2.d4 Nf6 3.Nc3 e5 4.Nf3 Nbd7 5.g3 Be7 6.Bg2 c6 7.O-O b5 8.a3 O-O
9.b3 Bb7 10.Bb2 Re8 11.Qd2 a5 12.Rfe1 Bf8 13.Rad1 Qc7 14.a4 b4 15.Nb1 c5
16.dxe5 dxe5 17.c4 Nb8 18.Qe3 Nc6 19.Nbd2 Nd4 20.Nxd4 cxd4 21.Qd3 Nd7 22.Qf1 Bd6
23.Rb1 Nc5 24.Bc1 Rf8 25.Qe2 Rae8 26.Rb2 f5 27.exf5 Bxg2 28.Kxg2 e4 29.Qg4 e3
30.fxe3 Nd3 31.Nf3 Nxe1+ 32.Nxe1 dxe3 33.Re2 Qb7+ 34.Kg1 Qd7 35.c5 Rxf5 36.Qc4+ Rf7
37.Bxe3 Bc7 38.Ng2 Kh8 39.Nf4 Rfe7 40.Bd4 Bxf4 41.Rxe7 Rxe7 42.c6 Qxd4+  0-1